LEADER 01004nam0-2200337---450- 001 990009529450403321 005 20120215161434.0 010 $a978-84-9883-347-8 035 $a000952945 035 $aFED01000952945 035 $a(Aleph)000952945FED01 035 $a000952945 100 $a20120215d2010----km-y0itay50------ba 101 0 $acat 102 $aES 105 $aa-------001yy 200 1 $aTemes mallorquins$fAlbert G. Hauf i Valls$ga cura de Pere Rosselló Bover 210 $aPalma$cEdicions UIB$aBarcelona$cPublicacions de l'Abadia de Montserrat$d2010 215 $a455 p.$cill$d20 cm 225 1 $aBiblioteca Miquel dels Sants Oliver$v38 610 0 $aLetteratura catalana 676 $a849.9 700 1$aHauf,$bAlbert$0223610 702 1$aRosselló Bover,$bPere 801 0$aIT$bUNINA$gRICA$2UNIMARC 901 $aBK 912 $a990009529450403321 952 $a849.9 HAU 1$bDip.f.m.18551$fFLFBC 959 $aFLFBC 996 $aTemes mallorquins$9855703 997 $aUNINA LEADER 01288nam a22002895i 4500 001 991002197999707536 007 cr nn 008mamaa 008 121227s1984 gw | s |||| 0|eng d 020 $a9783540387985 035 $ab1413651x-39ule_inst 040 $aBibl. Dip.le Aggr. Matematica e Fisica - Sez. Matematica$beng 245 00$aQuantum probability and applications to the quantum theory of irreversible processes$h[e-book] :$bproceedings of the international workshop held at Villa Mondragone, Italy, September 6?11, 1982 /$cedited by Luigi Accardi, Alberto Frigerio, Vittorio Gorini 260 $aBerlin :$bSpringer,$c1984 300 $a1 online resource (vii, 412 p.) 440 0$aLecture Notes in Mathematics,$x0075-8434 ;$v1055 650 0$aPhysics 650 0$aStatistical physics 700 1 $aAccardi, Luigi 700 1 $aFrigerio, Alberto 700 1 $aGorini, Vittorio 773 0 $aSpringer eBooks 856 40$uhttp://dx.doi.org/10.1007/BFb0071705$zAn electronic book accessible through the World Wide Web 907 $a.b1413651x$b03-03-22$c05-09-13 912 $a991002197999707536 996 $aQuantum probability and applications to the quantum theory of irreversible processes$980005 997 $aUNISALENTO 998 $ale013$b05-09-13$cm$d@ $e-$feng$ggw $h0$i0